Přenos informace

Gespeichert in:
Bibliographische Detailangaben
Hauptverfasser: Kocourek, Petr (Verfasst von), Novák, Jiří (Verfasst von)
Format: Buch
Sprache:Tschechisch
Veröffentlicht: Praha : České vysoké učení technické v Praze, 2006
Ausgabe:1. vyd., dotisk
Schlagworte:
Online-Zugang:OBSAH
Tags: Tag hinzufügen
Keine Tags, Fügen Sie das erste Tag hinzu!

MARC

LEADER 00000nam a22000003a 4500
001 stu136843
005 20150617225924.0
008 070110s2006----xr------------------cze-d
020 |a 80-01-02892-5 
040 |a STU  |b slo 
041 0 |a cze 
044 |a xr 
080 |a 621.397 
080 |a 681.327.8 
080 |a 519.683.5 
100 1 |a Kocourek, Petr  |4 aut 
245 1 |a Přenos informace 
250 |a 1. vyd., dotisk 
260 |a Praha :  |b České vysoké učení technické v Praze,  |c 2006 
300 |a 164 s 
650 7 |a prenos dát  |2 stusub 
650 7 |a distribuované systémy  |2 stusub 
700 1 |a Novák, Jiří  |4 aut 
856 4 |a https://sweb.mtf.stuba.sk/obsahy/Prenos_informace_06  |u https://sweb.mtf.stuba.sk/obsahy/Prenos_informace_06  |3 OBSAH 
996 |b 284M075554  |c M*S-1312-1  |l MMKN  |s A  |a 24  |w stu136843_0001